Generalidades y programas de la inspección de construcciones

Kaydedildi:
Detaylı Bibliyografya
Yazar: Acuña Bonilla, Alfonso
Materyal Türü: Bilinmiyor
Baskı/Yayın Bilgisi: [San José, Costa Rica] 1969
Konular:
Etiketler: Etiketle
Etiket eklenmemiş, İlk siz ekleyin!

MARC

LEADER 00000 a2200000 4500
003 011307
005 20221231143814.0
008 140114s1969 c a m 000 ||s d
040 |c cru CEDI 
090 |a TFG 368 
100 |a Acuña Bonilla, Alfonso  |9 17830 
245 |a Generalidades y programas de la inspección de construcciones 
260 |c 1969  |a [San José, Costa Rica] 
300 |a  138 hojas ; 28 cm  
500 |a  Tesis (Ingeniero Civil) Universidad de Costa Rica.  
650 |x CONSTRUCCION   |x  INSPECCION  |9 17831 
942 |c TFG 
999 |c 12263  |d 12263